000 00821cam a2200193 a 4500
020 _a0876292864
082 0 0 _a690.24
_bEMM
100 1 _aEmmons, Peter H.
_945327
245 1 0 _aConcrete repair and maintenance illustrated :
_bproblem analysis, repair strategy, techniques /
_cPeter H. Emmons ; illustrated by Brandon W. Emmons.
260 _aKingston, MA :
_bR.S. Means Co.,
_cc1993.
300 _axviii, 295 p. :
_bill. ;
_c29 cm.
526 _a0
_b0
_c0
_d690_240000000000000_EMM
650 0 _aMCE
_xMaintenance and repair.
_945328
700 1 _aEmmons, Brandon W.
_945329
856 4 1 _uhttp://www.loc.gov/catdir/enhancements/fy1106/93248425-t.html
856 4 2 _uhttp://www.loc.gov/catdir/enhancements/fy1106/93248425-b.html
856 4 2 _uhttp://www.loc.gov/catdir/enhancements/fy1106/93248425-d.html
942 _2ddc
_cBK
999 _c548876
_d548876